ბათუმის შოთა რუსთაველის სახელმწიფო უნივერსიტეტის ბიბლიოთეკა

სოციალურ-ეკოლოგიური არქიტექტურა = Social-ecological architecture. (ბიბ.ჩანაწერი № 34479)

000 -ლიდერი
ფიქსირებული სიგრძის საკონტროლო ველი 01354nam a2200277Ia 4500
001 - საკონტროლო ნომერი
საკონტროლო ველი 228
003 - საკონტროლო ნომრის იდენტიფიკატორი
საკონტროლო ველი GE_BSU
005 - ბოლო ოპერაციის თარიღი და დრო
საკონტროლო ველი 20200130102800.0
008 - ფიქსირებული სიგრძის მონაცემთა ელემენტები - ზოგადი ინფორმაცია
ფიქსირებული სიგრძის საკონტროლო ველი 181216s2006||||ge |||||||||||||| ||geo||
020 ## - წიგნის საერთაშორისო სტანდარტული ნომერი
International Standard Book Number 999400449
040 ## - კატალოგიზაციის წყარო
Transcribing agency GE_BSU
041 ## - ენის კოდი
Language code of text/sound track or separate title geo
080 ## - უნივერსალური ათობითი კლასიფიკაციის ინდექსი
Universal Decimal Classification number 72.01.316 ა-92
100 ## - მთავარი ჩანაწერი - პიროვნების სახელი
Personal name აფციაური, ვაჟა,
Titles and other words associated with a name არქიტექტორი,
Dates associated with a name 1937−
9 (RLIN) 6509
245 ## - ცნობა სათაურის შესახებ
Title სოციალურ-ეკოლოგიური არქიტექტურა = Social-ecological architecture.
264 ## - წარმოების, გამოცემის, დისტრიბუციის და სხვა ცნობები
გამოცემის, წარმოების, დისტრიბუციის... ადგილი თბილისი,
გამოცემის, წარმოების, დისტრიბუციის... თარიღი 2006.
300 ## - ფიზიკური აღწერა
Extent 183 გვ.:
Other physical details ილ.;
Dimensions 22 სმ.
504 ## - BIBLIOGRAPHY, ETC. NOTE
Bibliography, etc ბიბლიოგრ. ტექსტ. შენიშვნ.
653 ## - INDEX TERM--UNCONTROLLED
Uncontrolled term არქიტექტურა
653 ## - INDEX TERM--UNCONTROLLED
Uncontrolled term საცხოვრებელი შენობების არქიტექტურა საქართველოში
653 ## - INDEX TERM--UNCONTROLLED
Uncontrolled term ქალაქთმშენებლობა საქართველოში
653 ## - INDEX TERM--UNCONTROLLED
Uncontrolled term ლანდშაფტური არქიტექტურა საქართველოში
653 ## - INDEX TERM--UNCONTROLLED
Uncontrolled term საქართველოს ქალაქების და დასახლებული პუნქტების დაგეგმარება
942 ## - ADDED ENTRY ELEMENTS (KOHA)
Koha item type წიგნი
Source of classification or shelving scheme
ეგზემპლარები
ჩამოწერის სტატუსი დაკარგული ეგზემპლარის სტატუსი კლასიფიკაციის წყარო ან თაროზე გაწყობის სქემა დაზიანების სტატუსი არ გაიცემა მუდმივი მდებარეობა (დაცვის ადგილი) ამჟამინდელი ადგილსამყოფელი თაროზე განთავსების ადგილი შეძენის თარიღი ღირებულება, შესყიდვის ნორმალური ფასი სრული შენახვის შიფრი შტრიხკოდი ბოლო ოპერაციის თარიღი ეგზემპლარის მიმდევრობითი ნომერი (კეტერი?) ფასის ძალაში შესვლის თარიღი ეგზემპლარის სახეობა საჯარო შენიშვნა
          ბათუმის შოთა რუსთაველის სახელმწიფო უნივერსიტეტის მთავარი ბიბლიოთეკა ბათუმის შოთა რუსთაველის სახელმწიფო უნივერსიტეტის მთავარი ბიბლიოთეკა წიგნსაცავი 2018-12-17 20.00 72.01.316 ა-92 417 2018-12-17 417 2018-12-17 წიგნი 20 ლ.
          ბათუმის შოთა რუსთაველის სახელმწიფო უნივერსიტეტის მთავარი ბიბლიოთეკა ბათუმის შოთა რუსთაველის სახელმწიფო უნივერსიტეტის მთავარი ბიბლიოთეკა წიგნსაცავი 2018-12-17 20.00 72.01.316 ა-92 418 2018-12-17 418 2018-12-17 წიგნი 20 ლ.